000 00646nam a22001937a 4500
999 _c172294
_d172294
005 20200131114049.0
010 _aB-284053
020 _c120.00
_a-
035 _aB-284053
037 _bDBAD/PUB
_a-
082 _a840.8
100 _aر و بينہ شبنم
245 _aتنقيد ی مطا لعے
_cر و بينہ شبنم
246 _bTanqeeedi Mutalley (Urdu)
_aby Rubina Shabnam
260 _aDelhi
_bEducational publishing House
_c2006 ء
270 _a3108,Gali Azizuddin Vakil,Kucha Pandit,Lal kuan,
_bDelhi
_e110006
_k09317748056
_l-
300 _a117 ص
_c22 Cm(Hb)
942 _2ddc
_cUR
_h840.8
_mر و ب